000 00262nam a2200109Ia 4500
008 220204s9999 xx 000 0 und d
082 _a536.2
_bMIK
100 _aMikheyey, M
245 0 _aFundamentals of heat transfer
260 _aMoscow
_bMir
_c1968
942 _cBK
999 _c24155
_d24155